000 00427nam a2200157Ia 4500
008 230917s9999||||xx |||||||||||||| ||und||
040 _e43742
_aMAIN
041 _aEnglish
082 _a821.8 E46M:A
100 _aMatthiessen, F O
245 0 _aAchievements of T S Eliot: An essay on the nature of poetry
250 _a3rd ed.
260 _aLondon
_bOxford University Press
_c1976
300 _axxiii, 248 p.
942 _cBK
999 _c164220
_d164220